[Event "Ch Netherlands (team) 1995/96"]
[Site "Netherlands"]
[Round "5"]
[White "Peek Marcel (NED)"]
[Black "Gelpke Peter (NED)"]
[Result "1-0"]
[WhiteElo "2335"]
[BlackElo "2425"]

1.d4 g6 2.c4 Bg7 3.e4 d6 4.Nf3 Bg4 5.Be2 c5 6.d5 e6 7.O-O exd5 8.cxd5 Nf6
9.Nfd2 Bxe2 10.Qxe2 O-O 11.Nc3 Re8 12.a4 Na6 13.Nc4 Nc7 14.Qd3 Qe7 15.Bg5 h6
16.Bh4 Qf8 17.f4 Nd7 18.Kh1 Bd4 19.Ne2 Bf6 20.Bxf6 Nxf6 21.Nc3 Rad8 22.Rad1 a6
23.Nb6 Qg7 24.Qf3 Nd7 25.Nxd7 Rxd7 26.f5 g5 27.f6 Qg6 28.Qg4 Rdd8 29.Rf5 Re5
30.Rdf1 Rxf5 31.Rxf5 b5 32.h4 gxh4 33.Qxh4 Kh7 34.Qh2 Rg8 35.Ne2 Ne8 36.Nf4
Qg3 37.Qxh6+ {#r} 1-0

[Event "It (open)"]
[Site "Velden (Austria)"]
[Round "0"]
[White "Farago Ivan (HUN)"]
[Black "Enklaar Bertus F (NED)"]
[Result "1-0"]
[WhiteElo "2520"]
[BlackElo "2400"]

1.d4 Nf6 2.c4 c5 3.d5 e6 4.Nc3 exd5 5.cxd5 d6 6.Nf3 g6 7.Nd2 Nbd7 8.e4 Bg7
9.Be2 O-O 10.O-O Ne5 11.f4 Neg4 12.Nc4 h5 13.h3 Nh6 14.a4 Qe7 15.f5 Kh7 16.Bg5
b6 17.Bd3 Ba6 18.e5 dxe5 19.d6 Qe8 20.Bxf6 Bxf6 21.Nd5 Bg7 22.Nc7 Qc8 23.fxg6+
Kh8 24.Nxa8 Qxa8 25.Nxe5 Bxe5 26.Qxh5 Bd4+ 27.Kh2 Kg7 28.Bxa6 fxg6 29.Qg5 Bf6
30.Qg3 Nf7 31.Rxf6 Kxf6 32.Rf1+ Kg7 33.Qc3+ Kh7 34.Qf6 Qd5 35.d7 Qd2 36.Bc4
{#r} 1-0

[Event "It (open) (a)"]
[Site "Zaragoza (Spain)"]
[Round "6"]
[White "Lalic Bogdan (ENG)"]
[Black "Suba Mihai (ROM)"]
[Result "0-1"]
[WhiteElo "2590"]
[BlackElo "2485"]

1.d4 Nf6 2.c4 e6 3.Nf3 c5 4.d5 d6 5.Nc3 exd5 6.cxd5 g6 7.Nd2 Bg7 8.e4 O-O
9.Be2 Na6 10.O-O Nc7 11.a4 b6 12.Nc4 Ba6 13.f3 Kh8 14.Bg5 Qd7 15.Qd2 Bxc4
16.Bxc4 a6 17.Rfe1 b5 18.Bf1 bxa4 19.Rxa4 Rfb8 20.Rea1 Rb6 21.R1a2 Qe8 22.Nd1
Ng8 23.Ne3 Rxb2 24.Rxb2 Qxa4 25.Nc4 Nb5 26.e5 Bxe5 27.Nxe5 dxe5 28.d6 f6
29.Be3 Nd4 30.Rb6 a5 31.Qc3 Rc8 32.Qc4 Qxc4 33.Bxc4 Rd8 34.Kf2 g5 35.g4 h5
36.Bc1 hxg4 37.fxg4 Nh6 38.h3 a4 39.Ba3 f5 40.Bxc5 fxg4 41.hxg4 Nxg4+ 42.Kg1
Nf6 43.Ra6 Nf3+ 44.Kh1 Rc8 45.Be2 g4 46.Be3 Rc2 47.Bxf3 gxf3 48.Bg5 Ng4 {#R}
0-1

[Event "It (open)"]
[Site "Asti (Italy)"]
[Round "0"]
[White "Naumkin Igor (RUS)"]
[Black "Minnebo Alain (BEL)"]
[Result "1-0"]
[WhiteElo "2430"]
[BlackElo "2220"]

1.d4 Nf6 2.c4 e6 3.Nf3 c5 4.d5 d6 5.Nc3 exd5 6.cxd5 g6 7.e4 Bg4 8.Be2 Bg7
9.O-O O-O 10.Bf4 Bxf3 11.Bxf3 Ne8 12.Qd2 Nd7 13.Be2 Qe7 14.Rfe1 Nc7 15.a4 Rfb8
16.Bf1 Be5 17.Be3 a6 18.f4 Bxc3 19.bxc3 Qxe4 20.c4 Re8 21.Bxc5 Nxc5 22.Rxe4
Rxe4 23.Re1 Rae8 24.Rxe4 Rxe4 25.a5 Ne8 26.h3 Re7 27.Be2 Nb3 28.Qc3 Nc5 29.Bf3
Rc7 30.Qe1 Kf8 31.Qh4 Kg8 32.Qd8 Kf8 33.Bg4 b6 34.axb6 Rb7 35.f5 f6 36.h4 a5
37.h5 a4 38.fxg6 hxg6 39.hxg6 a3 40.g7+ Rxg7 41.Bh5 Re7 42.Qa8 {#r} 1-0

[Event "It (open)"]
[Site "Koszalin (Poland)"]
[Round "7"]
[White "Kula Robert (POL)"]
[Black "Cyborowski Lukasz (POL)"]
[Result "1-0"]
[WhiteElo "2400"]
[BlackElo "2270"]

1.d4 Nf6 2.c4 e6 3.Nc3 c5 4.d5 exd5 5.cxd5 d6 6.e4 g6 7.Be2 Bg7 8.Nf3 O-O
9.Nd2 Na6 10.O-O Nc7 11.a4 b6 12.Nc4 Ba6 13.Bg5 h6 14.Bh4 Re8 15.Qc2 Bxc4
16.Bxc4 g5 17.Bg3 Nh5 18.Ne2 Rb8 19.f3 Nxg3 20.Nxg3 b5 21.axb5 Nxb5 22.Bxb5
Rxb5 23.Rxa7 Rxb2 24.Qa4 c4 25.Ra6 c3 26.Nf5 Be5 27.Nxh6+ Kg7 28.Ng4 Qb8
29.Nxe5 dxe5 30.Qc6 Rb1 31.Qh6+ Kg8 32.Qxg5+ Kf8 33.Rxb1 Qxb1+ 34.Kf2 c2
35.Rh6 {#r} 1-0

[Event "Ch Hungary (juniors) (under 12) (g)"]
[Site "Paks (Hungary)"]
[Round "6"]
[White "Kiss Emese (HUN)"]
[Black "Simon Zsuzsa (HUN)"]
[Result "1-0"]
[WhiteElo "2088"]
[BlackElo "2071"]

1.d4 Nf6 2.c4 g6 3.Nc3 Bg7 4.e4 d6 5.Nf3 O-O 6.Be2 c5 7.d5 Bg4 8.O-O e6 9.h3
Bxf3 10.Bxf3 exd5 11.cxd5 Re8 12.Bf4 a6 13.a4 Qc7 14.Rc1 Nbd7 15.Re1 Ne5
16.Be2 Qd7 17.Qd2 Rac8 18.Bh6 c4 19.Bxg7 Kxg7 20.f4 Nd3 21.Bxd3 cxd3 22.Qxd3
Nh5 23.e5 Nxf4 24.Qd4 Qf5 25.exd6+ Kg8 26.d7 Rxe1+ 27.Rxe1 Rd8 28.Re8+ Rxe8
29.dxe8=R# 1-0

[Event "It (open)"]
[Site "Copenhagen (Denmark)"]
[Round "0"]
[White "Jorgensen Michael (DEN)"]
[Black "Ward Christopher (ENG)"]
[Result "0-1"]
[WhiteElo "2270"]
[BlackElo "2485"]

1.d4 Nf6 2.c4 e6 3.Nf3 c5 4.d5 d6 5.Nc3 exd5 6.cxd5 g6 7.Nd2 Bg7 8.e4 O-O
9.Be2 Na6 10.O-O Nc7 11.a4 b6 12.f3 Rb8 13.Nc4 Ba6 14.Rb1 Bxc4 15.Bxc4 Nd7
16.Bd2 f5 17.exf5 Rxf5 18.g4 Rf8 19.f4 a6 20.b4 b5 21.axb5 axb5 22.Be2 c4
23.g5 Qe7 24.Rc1 Nb6 25.Bg4 Nbxd5 26.Nxd5 Nxd5 27.Qf3 Qa7+ 28.Kh1 Ne7 29.Be3
Qa8 30.Rfd1 Nf5 31.Bf2 Qxf3+ 32.Bxf3 Rfe8 33.Ba7 Rbc8 34.Rd5 c3 35.Rxb5 Bd4
36.Rxf5 Bxa7 37.Ra5 Be3 38.Rc2 Bxf4 39.Bd5+ Kh8 40.Bf3 Re1+ 41.Kg2 Rb1 42.Bg4
Rb2 43.Bxc8 Rxc2+ 44.Kf3 Rb2 45.Be6 Bxg5 46.Ra8+ Kg7 47.Ra7+ Kf6 48.Bd5 c2
49.Ke4 Rxb4+ {#R} 0-1

[Event "Bundesliga (2nd) South 1996/97"]
[Site "Germany"]
[Round "0"]
[White "Pinter Jozsef (HUN)"]
[Black "Kekelidze Mikheil (GEO)"]
[Result "1-0"]
[WhiteElo "2590"]
[BlackElo "2370"]

1.d4 Nf6 2.c4 e6 3.Nf3 c5 4.d5 exd5 5.cxd5 d6 6.Nc3 g6 7.e4 Bg7 8.Be2 Bg4
9.O-O O-O 10.h3 Bxf3 11.Bxf3 a6 12.Bf4 Ne8 13.Qd2 b5 14.a4 b4 15.Nd1 Nd7
16.Ne3 Ne5 17.Be2 Qh4 18.Bg4 Nf6 19.Bxe5 dxe5 20.Qd3 Nxg4 21.hxg4 Bh6 22.Nc4
Qxg4 23.Nxe5 Qf4 24.Nc4 Rfe8 25.Rfe1 Bg7 26.g3 Qb8 27.Kg2 Ra7 28.Rad1 Qd8
29.e5 f6 30.e6 f5 31.Qf3 Rae7 32.d6 Rxe6 33.Qd5 Kf7 34.d7 Re7 35.Nd6+ Kf6
36.Rxe6+ {#r} 1-0

[Event "It (open)"]
[Site "Kavala (Greece)"]
[Round "6"]
[White "Bagaturov Giorgi (GEO)"]
[Black "Andrijevic Milan (SRB)"]
[Result "1-0"]
[WhiteElo "2485"]
[BlackElo "2345"]

1.d4 Nf6 2.c4 e6 3.Nc3 c5 4.d5 exd5 5.cxd5 d6 6.Nf3 g6 7.Nd2 Bg7 8.e4 O-O
9.Be2 Na6 10.O-O Nc7 11.a4 b6 12.Kh1 Rb8 13.f3 Qe7 14.Nc4 Ba6 15.Bg5 Bxc4
16.Bxc4 h6 17.Bh4 g5 18.Bf2 Nd7 19.Qc2 Be5 20.Nd1 Ne8 21.Ne3 Ng7 22.Bb5 Bd4
23.Ng4 h5 24.Bxd7 Qxd7 25.Bxd4 hxg4 26.Bf6 Nh5 27.Qd2 Nxf6 28.Qxg5+ Kh7
29.Qxf6 Rbe8 30.Qh4+ Kg6 31.fxg4 f6 32.Qh5+ Kg7 33.g5 Re5 34.Qh6+ Kg8 35.gxf6
Qh7 36.f7+ Rxf7 37.Qxd6 Rxe4 38.Qd8+ Kg7 39.Rxf7+ Kxf7 40.Rf1+ {#r} 1-0

[Event "It"]
[Site "Ljubljana (Slovenia)"]
[Round "9"]
[White "Farago Ivan (HUN)"]
[Black "Peptan Corina-Isabela (ROM)"]
[Result "1-0"]
[WhiteElo "2445"]
[BlackElo "2460"]

1.d4 Nf6 2.c4 e6 3.Nf3 c5 4.d5 exd5 5.cxd5 d6 6.Nc3 g6 7.Nd2 Bg7 8.e4 O-O
9.Be2 Na6 10.O-O Nc7 11.a4 b6 12.Nc4 Ba6 13.Bf4 Bxc4 14.Bxc4 a6 15.h3 Qe7
16.e5 Nfe8 17.exd6 Nxd6 18.Re1 Qd7 19.Bxd6 Qxd6 20.Ne4 Qd7 21.d6 Ne6 22.Bxe6
fxe6 23.a5 Bd4 24.axb6 Qb5 25.Qg4 Rf5 26.Qe2 Qxb6 27.Qc4 Kg7 28.Qxe6 Raf8
29.Kh1 Bxf2 30.Nxf2 Rxf2 31.Qe5+ Kg8 32.Qd5+ Kh8 33.d7 R2f5 34.Qd2 Qb8 35.Rad1
Qd8 36.Qd6 R5f7 37.Qxc5 Kg8 38.Qc6 Rf6 39.Re6 Rxe6 40.Qxe6+ Rf7 41.Qxa6 Rf8
42.Qd6 Kg7 43.b4 Rf5 44.Qc6 Rf8 45.b5 Qh4 46.d8=Q {#r} 1-0

[Event "It (open)"]
[Site "Santa Flavia (Italy)"]
[Round "0"]
[White "Vallifuoco Giacomo (ITA)"]
[Black "Povah Nigel E (ENG)"]
[Result "0-1"]
[WhiteElo "2395"]
[BlackElo "2325"]

1.d4 Nf6 2.c4 e6 3.Nf3 c5 4.d5 exd5 5.cxd5 d6 6.Nc3 g6 7.Nd2 Bg7 8.e4 O-O
9.Be2 Na6 10.O-O Ne8 11.Nc4 f5 12.exf5 Bxf5 13.Bf4 b5 14.Nxb5 Bd7 15.Bxd6 Bxb5
16.Bxf8 Kxf8 17.Rc1 Bd4 18.Ne5 Bxe5 19.Bxb5 Nac7 20.Bxe8 Nxe8 21.Qf3+ Kg7
22.g3 Rc8 23.b3 Nf6 24.Rfe1 Bd4 25.Re6 Nxd5 26.Rce1 Qd7 27.Qg4 Qf7 28.R1e2 Rc7
29.Qg5 Nc3 {#R} 0-1

[Event "It (open)"]
[Site "Zalakaros (Hungary)"]
[Round "1"]
[White "Jovan Romuald (SLO)"]
[Black "Schroter Tamas (HUN)"]
[Result "0-1"]
[WhiteElo "1987"]
[BlackElo "2280"]

1.d4 Nf6 2.c4 c5 3.d5 e6 4.Nc3 exd5 5.cxd5 g6 6.e4 d6 7.Nf3 Bg7 8.Be2 Bg4
9.O-O O-O 10.Re1 Re8 11.h3 Bxf3 12.Bxf3 Nbd7 13.Bg5 h6 14.Bh4 a6 15.a4 Rb8
16.Qc2 b5 17.axb5 axb5 18.Ra6 Rb6 19.Rea1 c4 20.R1a5 Rxa6 21.Rxa6 Qb8 22.Bg3
Ne5 23.Be2 Nfd7 24.Ra5 Nc5 25.Rxb5 Qc7 26.Bxe5 Bxe5 27.f3 Nb3 28.Nd1 Nd4
29.Qxc4 Nxb5 30.Qxb5 Rb8 31.Qa4 Qc1 32.b4 Qd2 33.Kf1 Rxb4 34.Qe8+ Kg7 35.Qc6
Rb1 36.Qa4 Bg3 37.e5 Qe1# 0-1

[Event "Staatsliga B 1997/98"]
[Site "Austria"]
[Round "7"]
[White "Kummer Helmut (AUT)"]
[Black "Rotstein Arkadij (GER)"]
[Result "1-0"]
[WhiteElo "2315"]
[BlackElo "2515"]

1.d4 Nf6 2.c4 e6 3.Nf3 c5 4.d5 exd5 5.cxd5 d6 6.Nc3 g6 7.Nd2 Bg7 8.e4 O-O
9.Be2 Na6 10.O-O Rb8 11.a4 Re8 12.Kh1 Nb4 13.Rb1 Qe7 14.f3 Nh5 15.Nc4 f5 16.g3
a6 17.a5 Bd4 18.Bh6 Bd7 19.Qd2 Bb5 20.Rbe1 Ng7 21.Bg5 Bf6 22.Bxf6 Qxf6 23.Nxb5
axb5 24.Nb6 Qd4 25.Qxd4 cxd4 26.Bxb5 Re7 27.Rd1 fxe4 28.Rxd4 Nc2 29.Rxe4 Rxe4
30.fxe4 Nd4 31.Ba4 Nh5 32.Kg2 Kg7 33.Rd1 Ne2 34.Kf3 Rf8+ {#r} 1-0

[Event "Staatsliga B Mitte 1998/99"]
[Site "Austria"]
[Round "3"]
[White "Hager Herbert (AUT)"]
[Black "Denk Adolf (AUT)"]
[Result "0-1"]
[WhiteElo "2117"]
[BlackElo "2265"]

1.d4 Nf6 2.c4 e6 3.Nc3 c5 4.d5 exd5 5.cxd5 d6 6.e4 g6 7.Nf3 Bg7 8.Nd2 O-O
9.Be2 Na6 10.O-O Nc7 11.a4 b6 12.a5 Rb8 13.axb6 axb6 14.Nb5 Re8 15.Ra7 Nxb5
16.Bxb5 Re7 17.Qa4 Bd7 18.Bxd7 Nxd7 19.Qb5 Nf6 20.Rxe7 Qxe7 21.f3 Qe8 22.Qa6
Qd8 23.Nc4 Ne8 24.Qb5 Bf8 25.Bf4 Qf6 26.g3 Qd4+ 27.Kg2 f5 28.exf5 Nc7 29.Qd7
Nxd5 30.Qe6+ Kh8 31.Bxd6 Bxd6 32.Nxd6 Ne3+ 33.Kh3 Rf8 34.Re1 Nxf5 35.Nf7+ Kg7
36.Ng5 h6 37.Ne4 b5 38.Re2 Qd8 39.Rd2 Nd4 40.Qc6 Nxc6 {#R} 0-1

[Event "Ch Denmark (team) 1997/98"]
[Site "Denmark"]
[Round "4"]
[White "Olsen Nils Linde (DEN)"]
[Black "Ejsing Esben (DEN)"]
[Result "0-1"]
[WhiteElo "2270"]
[BlackElo "2092"]

1.d4 Nf6 2.Nf3 e6 3.c4 c5 4.d5 exd5 5.cxd5 d6 6.Nc3 g6 7.e4 Bg7 8.Bf4 O-O
9.Nd2 Qe7 10.Be2 Nbd7 11.O-O Nb6 12.a4 Bd7 13.a5 Nc8 14.Re1 Rb8 15.Bf3 Ne8
16.Nc4 f6 17.Bg4 b5 18.axb6 axb6 19.Qf3 h5 20.Bxd7 Qxd7 21.h4 Kh7 22.Ra2 Rf7
23.Rea1 b5 24.Na5 b4 25.Nc6 Rb7 26.Nd1 Ne7 27.Na5 Ra7 28.Nc4 Rxa2 29.Rxa2 f5
30.Qh3 Qc7 31.Ra8 Nc8 32.Nde3 Qb7 33.Ra1 fxe4 34.Bg5 Nf6 35.Na5 Qc7 36.Nc6
Nxd5 37.Nxd5 Qxc6 38.Qe6 Qd7 39.Qxe4 Bxb2 40.Ra8 Be5 41.f4 Bd4+ 42.Kh2 b3
43.Rxc8 Qxc8 44.Ne7 Rxe7 45.Qxe7+ Bg7 {#R} 0-1

[Event "Memorial Karl Wagner (open)"]
[Site "Graz (Austria)"]
[Round "1"]
[White "Gershon Alik (ISR)"]
[Black "Pesorda Ivan (AUT)"]
[Result "1-0"]
[WhiteElo "2460"]
[BlackElo "2278"]

1.d4 Nf6 2.c4 c5 3.d5 e6 4.Nc3 exd5 5.cxd5 d6 6.e4 g6 7.Be2 Bg7 8.Nf3 O-O
9.Nd2 Na6 10.O-O Nc7 11.a4 b6 12.Nc4 Ba6 13.Bf4 Bxc4 14.Bxc4 a6 15.Re1 Qd7
16.e5 Nh5 17.e6 Qe7 18.exf7+ Qxf7 19.Bxd6 Qxf2+ 20.Kh1 Nf4 21.Qf3 Qxb2 22.Bxf8
Rxf8 23.d6+ Kh8 24.dxc7 Qxc3 25.Qxc3 Bxc3 26.Bxa6 {#r} 1-0

[Event "It (open)"]
[Site "Seefeld (Austria)"]
[Round "3"]
[White "Timoscenko Gennadij (SVK)"]
[Black "Goldstern Flip (NED)"]
[Result "1-0"]
[WhiteElo "2470"]
[BlackElo "2355"]

1.d4 Nf6 2.c4 e6 3.Nf3 c5 4.d5 exd5 5.cxd5 g6 6.Nc3 d6 7.Nd2 Nbd7 8.e4 Bg7
9.Be2 O-O 10.O-O Ne8 11.Re1 a6 12.a4 f5 13.exf5 gxf5 14.Nf3 h6 15.g3 Rf6
16.Bf1 Nf8 17.Ne2 Ng6 18.Nf4 Nxf4 19.Bxf4 Rg6 20.Nh4 Rf6 21.Bh3 Nc7 22.Qh5 Qd7
23.Bg2 Qf7 24.Qd1 Bd7 25.Bf3 Re8 26.Rxe8+ Qxe8 27.Ng2 Qf8 28.Ne3 Qd8 29.Qd2
Ne8 30.b4 Rf7 31.Rb1 Bxa4 32.bxc5 dxc5 33.d6 Bc6 34.Bxc6 bxc6 35.Qd3 Qd7
36.Rb8 Bf8 37.Nc4 Rf6 38.Nb6 Rxd6 39.Bxd6 Qxd6 40.Qc4+ {#r} 1-0

[Event "Ch Russia (1/2 final)"]
[Site "Tula (Russia)"]
[Round "7"]
[White "Kalugin Sergei (RUS)"]
[Black "Bratchenko Alexander (RUS)"]
[Result "1-0"]
[WhiteElo "2290"]
[BlackElo "2365"]

1.d4 Nf6 2.c4 g6 3.Nc3 c5 4.d5 d6 5.e4 e6 6.Nf3 exd5 7.cxd5 Bg7 8.Nd2 O-O
9.Be2 Na6 10.O-O Nc7 11.a4 b6 12.f4 h5 13.h3 Re8 14.Bd3 Ba6 15.Qf3 Bxd3
16.Qxd3 a6 17.Rb1 b5 18.b3 Rb8 19.Bb2 Nd7 20.axb5 axb5 21.Nd1 Bxb2 22.Rxb2 Na6
23.e5 dxe5 24.f5 e4 25.Nxe4 Nb4 26.Qf3 Rxe4 27.Qxe4 Nf6 28.Qf3 g5 29.Rd2 Qd6
30.Qe3 g4 31.hxg4 hxg4 32.Qg5+ Kh8 33.Re1 c4 34.Re6 {#r} 1-0

[Event "It (open)"]
[Site "Biel (Switzerland)"]
[Round "2"]
[White "Rashkovsky Nukhim N (RUS)"]
[Black "Handke Florian (GER)"]
[Result "1-0"]
[WhiteElo "2513"]
[BlackElo "2361"]

1.d4 Nf6 2.Nf3 e6 3.c4 c5 4.e3 b6 5.d5 exd5 6.cxd5 d6 7.Nc3 g6 8.e4 Bg7 9.Be2
O-O 10.O-O Na6 11.Bg5 Nc7 12.a4 h6 13.Bh4 g5 14.Bg3 Nh5 15.Nd2 Nxg3 16.hxg3 f5
17.exf5 Bxf5 18.Nc4 Bd4 19.g4 Bg6 20.Bd3 Qf6 21.Ne3 Rae8 22.Bxg6 Qxg6 23.Nf5
Rxf5 24.gxf5 Qxf5 25.Qd2 Nxd5 26.Nxd5 Qxd5 27.Rae1 Rf8 28.Re7 a6 29.Qe2 Qf5
30.Re8 Rxe8 31.Qxe8+ Qf8 32.Qe2 Qf6 33.Qxa6 d5 34.Qa8+ Kg7 35.Qxd5 h5 36.b3
Kh6 37.g3 g4 38.Kg2 Kg6 39.Qe4+ Kh6 40.f3 Qg5 41.fxg4 hxg4 42.Rh1+ Kg7 43.Qh7+
Kf8 44.Qh6+ Qg7 45.Rh4 Ke8 46.Qxg7 {#r} 1-0

[Event "It (open)"]
[Site "Crans Montana (Switzerland)"]
[Round "4"]
[White "Kelecevic Nedeljko (SUI)"]
[Black "Habibi Ali (GER)"]
[Result "1-0"]
[WhiteElo "2421"]
[BlackElo "2343"]

1.d4 Nf6 2.c4 c5 3.d5 e6 4.Nc3 exd5 5.cxd5 d6 6.Nf3 g6 7.Nd2 Na6 8.e4 Nc7
9.Be2 Bg7 10.O-O O-O 11.a4 b6 12.f3 Bb7 13.Nc4 Nce8 14.Bg5 h6 15.Be3 Kh7
16.Qd2 Nd7 17.f4 Qe7 18.Bf3 Rb8 19.Rae1 a6 20.Kh1 Ba8 21.Bf2 b5 22.axb5 axb5
23.Na5 b4 24.Nd1 Rc8 25.Nc4 Qd8 26.Nde3 Qc7 27.e5 Nb6 28.Nxb6 Qxb6 29.Nc4 Qb5
30.Rc1 Rd8 31.exd6 Nf6 32.Rfe1 h5 33.h3 Bh6 34.Bh4 Bg7 35.f5 Rd7 36.fxg6+ fxg6
37.Re7 Ng8 38.Be4 Rf6 39.Bxf6 Nxf6 40.Bxg6+ Kh8 41.Be8 {#r} 1-0

[Event "Verbandsliga North 1998/99"]
[Site "Germany"]
[Round "6"]
[White "Rudolph Johannes (GER)"]
[Black "Lindemann Stefan (GER)"]
[Result "0-1"]
[WhiteElo "2237"]
[BlackElo "2335"]

1.d4 Nf6 2.c4 c5 3.d5 e6 4.Nc3 exd5 5.cxd5 d6 6.Nf3 g6 7.Nd2 Bg7 8.e4 O-O
9.Be2 Na6 10.O-O Ne8 11.Nc4 f5 12.exf5 Bxf5 13.Ne3 Bd7 14.a4 Nac7 15.Ra3 a6
16.Rb3 Rb8 17.a5 Qh4 18.g3 Qe7 19.Bg4 Nf6 20.Bxd7 Nxd7 21.Nc4 Ne5 22.Nxe5 Bxe5
23.Be3 Qf7 24.Bh6 Rfd8 25.Qd2 Bd4 26.Ne2 Qxd5 27.Rd3 Ne6 28.Nf4 Nxf4 29.Bxf4
Qf7 30.Rd1 b6 31.Be3 Bxe3 32.fxe3 bxa5 33.Rxd6 Rxd6 34.Qxd6 Qb3 35.Qd5+ Qxd5
36.Rxd5 Rb5 37.Rd6 Rxb2 38.Rxa6 c4 {#R} 0-1

[Event "It (open)"]
[Site "Liechtenstein"]
[Round "3"]
[White "Kelecevic Nedeljko (SUI)"]
[Black "Zierke Oliver (GER)"]
[Result "0-1"]
[WhiteElo "2421"]
[BlackElo "2314"]

1.d4 Nf6 2.c4 c5 3.d5 e6 4.Nc3 exd5 5.cxd5 d6 6.Nf3 g6 7.Nd2 Bg7 8.e4 O-O
9.Be2 Na6 10.O-O Nc7 11.f3 b6 12.a4 Kh8 13.Nc4 Ba6 14.Bg5 Bxc4 15.Bxc4 a6
16.Qd3 Qd7 17.Kh1 Ng8 18.f4 Rfb8 19.Qe2 Re8 20.Qd3 f5 21.exf5 gxf5 22.Qh3 Nf6
23.Bxf6 Bxf6 24.Bd3 Bxc3 25.Bxf5 Qg7 26.bxc3 Nxd5 27.Rf3 Ra7 28.Be6 Nf6 29.f5
Rf8 30.Rg3 Ne4 31.Rf3 Ng5 32.Qg3 Nxf3 33.Qxf3 b5 34.h4 b4 35.Rf1 Qxc3 36.Qxc3+
bxc3 37.Rc1 Rb7 38.Rxc3 Rb4 39.g3 Rxa4 40.Rd3 Rd4 {#R} 0-1

[Event "It (open)"]
[Site "Zalakaros (Hungary)"]
[Round "3"]
[White "Krizsany Laszlo (HUN)"]
[Black "Parkanyi Attila (HUN)"]
[Result "0-1"]
[WhiteElo "2441"]
[BlackElo "2313"]

1.d4 Nf6 2.c4 e6 3.Nf3 c5 4.d5 exd5 5.cxd5 d6 6.Nc3 g6 7.Nd2 Bg7 8.e4 O-O
9.Be2 Na6 10.O-O Rb8 11.Re1 Re8 12.Bb5 Bd7 13.a4 Nb4 14.Nc4 a6 15.Bxd7 Qxd7
16.a5 Nh5 17.g4 Nf6 18.f3 Rbd8 19.Bf4 Qe7 20.Qd2 Qf8 21.h3 h6 22.Qh2 Nh7
23.Bxd6 Bd4+ 24.Kh1 Qg7 25.Qd2 Ng5 26.Kg2 Qf6 27.Bf4 Nc2 28.Qxc2 Qxf4 29.Rf1
Bxc3 30.Qxc3 Rxd5 31.Rae1 Rd4 32.Ne3 Red8 33.Re2 Rd3 34.Qc1 Qe5 35.Nc4 Qd4
36.e5 Qd5 37.Nb6 Qc6 38.Ref2 R8d4 39.Kg3 Ne4+ 40.Kg2 Nxf2 41.Rxf2 Kg7 {#R} 0-1

[Event "Staatsliga B South 2000/01"]
[Site "Austria"]
[Round "1"]
[White "Singer Richard (AUT)"]
[Black "Pesorda Ivan (AUT)"]
[Result "1-0"]
[WhiteElo "2330"]
[BlackElo "2236"]

1.d4 Nf6 2.c4 c5 3.d5 e6 4.Nc3 exd5 5.cxd5 d6 6.Nf3 g6 7.Nd2 Bg7 8.e4 O-O
9.Be2 Na6 10.O-O Nc7 11.a4 b6 12.Re1 Rb8 13.Nc4 Ba6 14.Bg5 Qd7 15.e5 Bxc4
16.exf6 Bxe2 17.Rxe2 Bh8 18.Re7 Qf5 19.h4 Ne8 20.g4 Qc8 21.Ne4 Ra8 22.Qf3 h5
23.gxh5 Qf5 24.Kg2 a6 25.Ra3 Qxf3+ 26.Rxf3 gxh5 27.Bh6 {#r} 1-0

[Event "Cup Russia (open)"]
[Site "Bor (Russia)"]
[Round "7"]
[White "Kuznetsov Nikolay P (RUS)"]
[Black "Belous Sergey (RUS)"]
[Result "1-0"]
[WhiteElo "2293"]
[BlackElo "2257"]

1.d4 Nf6 2.c4 c5 3.d5 e6 4.Nc3 exd5 5.cxd5 d6 6.e4 g6 7.Be2 Bg7 8.Bg5 O-O
9.Nf3 Bg4 10.O-O h6 11.Be3 Nbd7 12.a4 Re8 13.h3 Bxf3 14.Bxf3 a6 15.Qc2 Rb8
16.Bf4 Ne5 17.Be2 g5 18.Bh2 g4 19.f4 gxf3 20.gxf3 Ng6 21.f4 Nd7 22.Kh1 Qh4
23.Bg4 Nf6 24.Bf5 Nh5 25.Rg1 Bd4 26.Rg4 Qf6 27.Bxg6 fxg6 28.e5 Qf7 29.Rxg6+
Ng7 30.Rxd6 Nf5 31.Qg2+ Kh7 32.Ne4 {#r} 1-0

[Event "It \"]
[Site "Budapest (Hungary)"]
[Round "4"]
[White "Bordas Gyula (HUN)"]
[Black "Scavo Fernando (ITA)"]
[Result "0-1"]
[WhiteElo "2186"]
[BlackElo "2257"]

1.c4 g6 2.Nc3 Bg7 3.e4 d6 4.d4 c5 5.Nf3 Bg4 6.d5 Nf6 7.Be2 O-O 8.O-O e6 9.h3
Bxf3 10.Bxf3 exd5 11.cxd5 Re8 12.Qc2 a6 13.a4 Nbd7 14.a5 b5 15.axb6 Qxb6
16.Ra4 Reb8 17.Nb1 Ne8 18.Nd2 Qd8 19.Nc4 Nb6 20.Nxb6 Qxb6 21.Ra2 Nc7 22.Be3
Qb3 23.Qxb3 Rxb3 24.Bf4 Rd8 25.Rb1 h5 26.Be2 Rb4 27.f3 Nxd5 28.Bd2 Nc3 29.Bxc3
Bxc3 30.b3 Rdb8 31.Rxa6 Rxb3 32.Rxb3 Rxb3 33.Bc4 Rb4 34.Ra8+ Kg7 35.Bd5 f5
36.Re8 Be5 37.h4 Bg3 38.Re7+ Kh8 39.Re8+ Kg7 40.Re7+ Kf8 41.Rf7+ Ke8 42.Kf1
fxe4 43.Rg7 Rb1+ 44.Ke2 Re1+ 45.Kd2 e3+ {#R} 0-1

[Event "Cup North Sea (cat.14)"]
[Site "Esbjerg (Denmark)"]
[Round "6"]
[White "Gulko Boris F (USA)"]
[Black "Emms John M (ENG)"]
[Result "1-0"]
[WhiteElo "2643"]
[BlackElo "2527"]

1.d4 Nf6 2.c4 e6 3.Nf3 c5 4.d5 d6 5.Nc3 exd5 6.cxd5 g6 7.Nd2 Bg7 8.e4 O-O
9.Be2 Na6 10.O-O Nc7 11.a4 b6 12.Rb1 Re8 13.f3 Nh5 14.f4 Nf6 15.h3 Rb8 16.Bd3
a6 17.Qc2 b5 18.b3 Nh5 19.axb5 axb5 20.Bb2 f5 21.Rbe1 b4 22.Ne2 fxe4 23.Nxe4
Bxb2 24.Qxb2 Bf5 25.Qc2 Qe7 26.N2g3 Nxg3 27.Nxg3 Bxd3 28.Qxd3 Qxe1 29.Rxe1
Rxe1+ 30.Kh2 Rbe8 31.f5 Kg7 32.Qf3 Rf8 33.Nh5+ Kh8 34.Qg3 Re7 35.Qxd6 Ref7
36.fxg6 hxg6 37.Qxg6 Rh7 38.Nf6 {#r} 1-0

[Event "Ch Europe (juniors) (under 10)"]
[Site "Chalkidiki (Greece)"]
[Round "5"]
[White "Bekarovski Filip (MKD)"]
[Black "Pavlidis Anastasios (GRE)"]
[Result "0-1"]
[WhiteElo "2072"]
[BlackElo "2352"]

1.d4 Nf6 2.c4 c5 3.d5 e6 4.Nc3 exd5 5.cxd5 d6 6.e4 g6 7.Nf3 Bg4 8.Be2 Bg7
9.O-O O-O 10.Nd2 Bxe2 11.Qxe2 Re8 12.Nc4 Na6 13.Bf4 Bf8 14.Rad1 Nc7 15.a4 b6
16.Qd2 Nxe4 17.Qd3 Nxc3 18.bxc3 Qf6 19.Bg3 b5 20.axb5 Nxb5 21.Rc1 Bg7 22.Rc2
Nxc3 23.Bxd6 Rad8 24.h3 Rxd6 25.Nxd6 Qxd6 26.Rxc3 Bxc3 27.Qxc3 Qxd5 28.Rc1 Qd4
29.Qxc5 Re1+ 30.Kh2 Qf4+ 31.g3 Qxc1 {#R} 0-1

[Event "It (open) \"]
[Site "Copenhagen (Denmark)"]
[Round "1"]
[White "Hoi Carsten (DEN)"]
[Black "Robertsen Thomas (NOR)"]
[Result "1-0"]
[WhiteElo "2407"]
[BlackElo "2239"]

1.d4 Nf6 2.c4 c5 3.d5 e6 4.Nc3 exd5 5.cxd5 d6 6.e4 g6 7.Nf3 Bg7 8.Bg5 Bg4
9.Be2 h6 10.Bh4 O-O 11.Nd2 Bxe2 12.Qxe2 Re8 13.O-O a6 14.a4 b6 15.f4 Qc7 16.e5
Nbd7 17.Bxf6 Bxf6 18.Nde4 dxe5 19.f5 g5 20.Rad1 c4 21.d6 Qc6 22.Nd5 {#r} 1-0

[Event "Ch Czech Republic (seniors) (team) 2001/02"]
[Site "Czech Republic"]
[Round "0"]
[White "Juptner Jan (CZE)"]
[Black "Sabol Marian (CZE)"]
[Result "0-1"]
[WhiteElo "2233"]
[BlackElo "2299"]

1.d4 Nf6 2.c4 c5 3.d5 e6 4.Nc3 exd5 5.cxd5 d6 6.e4 g6 7.Nf3 Bg7 8.Be2 O-O
9.Nd2 Na6 10.O-O Nc7 11.a4 Rb8 12.Nc4 Nfe8 13.Kh1 a6 14.a5 Nb5 15.Bd2 f5
16.exf5 Bxf5 17.Nxb5 axb5 18.Ne3 Bd7 19.Qb3 Qh4 20.Bxb5 Be5 21.g3 Qe4+ 22.Kg1
Bh3 23.Rfb1 Qf3 24.Be1 Nc7 25.Bc4 Bd4 26.Qd1 Qf6 27.Qe2 Rbe8 28.Ra3 h5 29.b4
Bg4 30.Nxg4 hxg4 31.Qf1 cxb4 32.Ra2 Na6 33.Bxa6 bxa6 34.Rxb4 Qe5 35.Rb1 Qxd5
36.Re2 Be5 37.Qg2 Qf3 38.Re3 Qf5 39.Qd5+ Kh8 40.Rd1 Rc8 41.Qd3 Rc2 42.Re2 Qxd3
{#R} 0-1

[Event "Ch France (team) (juniors) 2000/01"]
[Site "France"]
[Round "10"]
[White "L'Huillier Helene (FRA)"]
[Black "Verot Melanie (FRA)"]
[Result "0-1"]
[WhiteElo "1931"]
[BlackElo "2137"]

1.d4 Nf6 2.Nf3 g6 3.c4 c5 4.d5 e6 5.Nc3 exd5 6.cxd5 d6 7.Nd2 Bg7 8.e4 O-O
9.Be2 Na6 10.O-O Nc7 11.a4 Rb8 12.Nc4 Re8 13.f3 Nh5 14.Bd3 a6 15.a5 Nb5 16.Qb3
Bd4+ 17.Be3 Nf4 18.Ne2 Bxe3+ 19.Nxe3 Nxe2+ 20.Bxe2 Nd4 21.Qd3 b5 22.axb6 Qxb6
23.Rfb1 f5 24.Nc4 Qc7 25.Bd1 Bd7 26.b4 Bb5 27.Rc1 Rbc8 28.Qc3 fxe4 29.fxe4
Rxe4 30.Nd2 Re1+ 31.Kf2 Qe7 32.Nc4 Rf8+ 33.Bf3 Qh4+ {#R} 0-1